000 01137nam a22002657a 4500
003 OSt
005 20260502033524.0
008 260422b |||||||| |||| 00| 0 eng d
040 _bEnglish.
_cCvSU-CCAT Campus Library.
_erda.
050 _aUM TJ 1195
_bS33 2008
100 _aSadicon, Jonnel B., author
_920820
245 _aAn improvised pantograph machine :
_ba technical feasibility study /
_cJonnel B. Sadicon, Mark Raffy S. Saria.
260 _aRosario, Cavite :
_bCavite State University-CCAT Campus,
_c2008
300 _aix, 33 leaves :
_billustrations ;
_c28 cm
500 _aTechnical Feasibility Study (BSIT Major in Mechanical Technology) -- Cavite State University-CCAT Campus, 2008.
504 _aIncludes bibliographical references and appendices.
546 _aIn English text
650 0 _aPantographs (Mechanical devices)
_920819
650 0 _aMachine-tools
_91998
650 0 _aMachine-shop practice
_94085
700 _aSaria, Mark Raffy S., author.
_920821
700 _aAlvarez, Nestor M., adviser
_95915
942 _2lcc
_cT/M/D
_hTJ 1195 S33 2008
_kUM
999 _c5251
_d5251